000
00339nam a22001577a 4500
999
_c
10473
_d
10473
003
OSt
008
210222b ||||| |||| 00| 0 eng d
020
_a
9789352605224
100
_a
KAMAL,Raj
245
_a
Internet of Things
250
_a
5th
260
_a
New Delhi
_b
TMH
_c
2019
300
_a
532
650
_a
MCA
942
_2
ddc
_c
BK
_0
8